Footballers by Picture - Statistics

General Stats
  • This quiz has been taken 379 times
  • The average score is 14 of 20
Answer Stats
Picture Answer % Correct
Pelé
99%
Lionel Messi
93%
Cristiano Ronaldo
89%
Didier Drogba
88%
Zlatan Ibrahimovic
88%
Diego Maradona
87%
Zinedine Zidane
83%
Roberto Carlos
77%
Johan Cruyff
76%
Paolo Maldini
74%
Edwin van der Sar
71%
Iker Casillas
69%
Francesco Totti
64%
Gerd Müller
58%
Bobby Moore
56%
Javier Hernández
53%
Carlos Alberto
48%
Claude Makelele
44%
Zico
40%
Ji Sung Park
22%
No matching quizzes found
Score Distribution
Percent of People with Each Score
Percentile by Number Answered
Your Score History
You have not taken this quiz